000 00299nam a22001337a 4500
008 171018b xxu||||| |||| 00| 0 eng d
020 _a9780205163663
041 _aeng
080 _a338
100 _a53
101 _aMNG
245 _aSCHOOL BUSINESS ADMINISTRATION
_cHACK, W.G
942 _2udc
_cBK
999 _c34532
_d34532